[Event "AUTO-INT-3682"]
[Site "http://www.queenalice.com/game.php?id=1763150"]
[Date "2021.6.27"]
[Round "1"]
[White "francisc059"]
[Black "kanibal"]
[Result "1-0"]
[WhiteElo "1999"]
[BlackElo "1463"]

1. e4 e5 2. Nf3 Nf6 3. Nc3 Nc6 4. d4 Nxd4 5. Nxd4 exd4 6. Qxd4 d6 7. Bg5 Be7 8.
Bc4 O-O 9. O-O c5 10. Qd3 a6 11. Nd5 Nxd5 12. Qxd5 Bxg5 13. f4 Bh4 14. Rad1 Be6
15. Qd3 f5 16. Bxe6+ Kh8 17. Bxf5 Qf6 18. g3 Qd4+ 19. Qxd4 cxd4 20. gxh4 g6 21.
Bg4 h5 22. Be6 Rfe8 23. Bd5 Rab8 24. Rxd4 b5 25. Bc6 Re6 26. Kg2 Rb6 27. Bd5 Re8
28. Bf7 Re7 29. Bxg6 Rg7 30. f5 a5 31. Kf3 Rc6 32. c3 b4 33. cxb4 Rc2 34. bxa5
Rxb2 35. Rxd6 Rxa2 36. Rd8+ Rg8 37. Rxg8+ Kxg8 38. Rf2 Rxa5 39. Rg2 Ra3+ 40. Kf4
Rh3 41. Bxh5+ Kh7 42. Bg6+ Kh6 43. h5 Rh4+ 44. Ke5 Rh3 45. f6 Rc3 46. f7 Rc8 47.
Kf4 Kg7 48. Bf5+ Kxf7 49. h6 Rh8 50. h7 Kf6 51. Rg8 Rxh7 52. Bxh7 Kf7 53. Kf5
Ke7 54. Rg6 1-0

[Event "AUTO-INT-3686"]
[Site "http://www.queenalice.com/game.php?id=1764415"]
[Date "2021.7.15"]
[Round "1"]
[White "profeta"]
[Black "kanibal"]
[Result "1-0"]
[WhiteElo "1524"]
[BlackElo "1517"]

1. d4 d5 2. Nf3 Nf6 3. Nc3 e6 4. Bg5 Be7 5. Bxf6 Bxf6 6. e4 dxe4 7. Nxe4 O-O 8.
Nxf6+ Qxf6 9. Bd3 Nc6 10. c3 Bd7 11. Bb5 a6 12. Bxc6 Bxc6 13. Ne5 Bxg2 14. Rg1
Bc6 15. Nxc6 bxc6 16. b4 Qf4 17. Qg4 Qf6 18. a4 a5 19. h4 h6 20. h5 e5 21. b5
cxb5 22. axb5 g5 23. d5 1-0

[Event "AUTO-INT-3686"]
[Site "http://www.queenalice.com/game.php?id=1764416"]
[Date "2021.7.15"]
[Round "1"]
[White "kanibal"]
[Black "profeta"]
[Result "0-1"]
[WhiteElo "1534"]
[BlackElo "1507"]

1. e4 d5 2. exd5 Qxd5 3. d4 Nc6 4. Be3 Nf6 5. Nc3 Qd8 6. Bb5 a6 7. Bxc6+ bxc6 8.
Nf3 Bg4 9. O-O e6 10. h3 Bb4 11. Bd2 Ne4 12. hxg4 Bxc3 13. Bxc3 Nxc3 14. bxc3 c5
15. Ne5 O-O 16. f3 f6 17. Nc6 Qd6 18. Na5 Rab8 19. a4 cxd4 20. cxd4 Rfd8 21. c3
e5 22. Nc4 Qd5 23. Ne3 Qa8 0-1

[Event "AUTO-INT-3686"]
[Site "http://www.queenalice.com/game.php?id=1764425"]
[Date "2021.7.15"]
[Round "1"]
[White "kanibal"]
[Black "Krajnicov"]
[Result "0-1"]
[WhiteElo "1487"]
[BlackElo "1526"]

1. e4 e5 2. Nf3 Qf6 3. h3 Bc5 4. Be2 g5 5. d3 d6 6. O-O g4 7. hxg4 Bxg4 8. Bg5
Qg6 9. Nc3 f6 10. Be3 Bh3 0-1

[Event "AUTO-INT-3686"]
[Site "http://www.queenalice.com/game.php?id=1764426"]
[Date "2021.7.15"]
[Round "1"]
[White "Krajnicov"]
[Black "kanibal"]
[Result "1-0"]
[WhiteElo "1565"]
[BlackElo "1448"]

1. e4 e5 2. Qf3 Nf6 3. Bc4 Nc6 4. c3 Na5 5. Bb3 Bc5 6. g4 O-O 7. Qg2 d6 8. h4
Bxg4 9. Nh3 h5 10. d3 Nxb3 11. axb3 c6 12. Rg1 1-0

[Event "AUTO-INT-3662"]
[Site "http://www.queenalice.com/game.php?id=1764744"]
[Date "2021.7.19"]
[Round "2"]
[White "kanibal"]
[Black "Castling"]
[Result "0-1"]
[WhiteElo "1580"]
[BlackElo "1649"]

1. e4 e5 2. Nf3 d6 3. h3 a6 4. Bc4 h6 5. O-O Qe7 6. d3 Nc6 7. Nc3 Be6 8. Bxe6
Qxe6 9. Nd5 O-O-O 10. a4 Nf6 11. Nxf6 Qxf6 12. b4 Nxb4 13. Ba3 d5 0-1

[Event "AUTO-INT-3662"]
[Site "http://www.queenalice.com/game.php?id=1764745"]
[Date "2021.7.19"]
[Round "2"]
[White "Castling"]
[Black "kanibal"]
[Result "1-0"]
[WhiteElo "1635"]
[BlackElo "1594"]

1. e4 e5 2. Bc4 Nf6 3. d3 Bc5 4. h3 O-O 5. Nc3 Nc6 6. a3 g6 7. Bh6 Re8 8. Nf3
Nh5 9. Qd2 d6 10. Bg5 Qd7 11. Nd5 Nf4 12. Bh6 Nd4 13. Nxd4 Bxd4 14. Nf6+ 1-0

[Event "AUTO-INT-3662"]
[Site "http://www.queenalice.com/game.php?id=1764746"]
[Date "2021.7.19"]
[Round "2"]
[White "kanibal"]
[Black "Pharaoh"]
[Result "0-1"]
[WhiteElo "1532"]
[BlackElo "1690"]

1. e4 e5 2. Nf3 d6 3. h3 Nf6 4. Be2 Nxe4 5. O-O Nc6 6. Bb5 Bd7 7. d3 Nf6 8. Ng5
h6 9. Ne4 Nxe4 10. dxe4 a6 11. Bxc6 Bxc6 12. f3 Be7 13. Nc3 Bg5 0-1

[Event "AUTO-INT-3662"]
[Site "http://www.queenalice.com/game.php?id=1764747"]
[Date "2021.7.19"]
[Round "2"]
[White "Pharaoh"]
[Black "kanibal"]
[Result "1-0"]
[WhiteElo "1700"]
[BlackElo "1522"]

1. e4 e5 2. Nf3 d6 3. Bc4 Nf6 4. Ng5 Be6 5. Bxe6 fxe6 6. Nxe6 Qd7 7. Nxf8 Kxf8
8. Qf3 Nc6 9. d3 Nd4 10. Qd1 Kf7 11. O-O Rhf8 12. Bg5 1-0

[Event "AUTO-INT-3687"]
[Site "http://www.queenalice.com/game.php?id=1764883"]
[Date "2021.7.20"]
[Round "1"]
[White "JonathanSouza"]
[Black "kanibal"]
[Result "0-1"]
[WhiteElo "1368"]
[BlackElo "1477"]

1. e4 e5 2. Bc4 Nc6 3. Nf3 Nge7 4. Nc3 d6 5. Nd5 Nxd5 6. Bxd5 Be6 7. O-O Be7 8.
d3 O-O 9. d4 exd4 10. Nxd4 Nxd4 11. Qxd4 c6 12. Bb3 c5 13. Qc3 Bxb3 14. axb3 b6
0-1

[Event "AUTO-INT-3687"]
[Site "http://www.queenalice.com/game.php?id=1764884"]
[Date "2021.7.20"]
[Round "1"]
[White "kanibal"]
[Black "JonathanSouza"]
[Result "1-0"]
[WhiteElo "1489"]
[BlackElo "1356"]

1. e4 e5 2. Nf3 Nc6 3. Bb5 Nf6 4. Nc3 a6 5. Bxc6 dxc6 6. O-O Bc5 7. Na4 Ba7 8.
d3 h6 9. b3 b5 10. Nc3 O-O 11. Nxe5 Bb7 12. Qf3 Bd4 13. Bb2 b4 14. Na4 Re8 15.
Ng4 1-0

[Event "AUTO-INT-3687"]
[Site "http://www.queenalice.com/game.php?id=1764895"]
[Date "2021.7.20"]
[Round "1"]
[White "kanibal"]
[Black "NickThorp"]
[Result "0-1"]
[WhiteElo "1502"]
[BlackElo "1575"]

1. e4 e5 2. Nf3 Nc6 3. Bc4 Bc5 4. O-O d6 5. h3 Nf6 6. Ng5 O-O 7. d3 a6 8. Nc3 h6
9. Nf3 b5 10. Bd5 Nxd5 11. exd5 Nd4 12. Nxd4 Bxd4 13. Ne2 Bc5 14. Be3 Bxe3 15.
fxe3 Qg5 16. Rf3 Re8 17. Ng3 f6 18. Ne4 Qg6 19. Rg3 Qxg3 20. Nxg3 g6 21. Ne4 Rf8
22. Qf3 Bf5 23. Ng3 Bd7 0-1

[Event "AUTO-INT-3687"]
[Site "http://www.queenalice.com/game.php?id=1764896"]
[Date "2021.7.20"]
[Round "1"]
[White "NickThorp"]
[Black "kanibal"]
[Result "1-0"]
[WhiteElo "1588"]
[BlackElo "1489"]

1. e4 e5 2. Nf3 Nc6 3. Bb5 Na5 4. d3 a6 5. Bc4 Nxc4 6. dxc4 c5 7. Nc3 Nf6 8. Bg5
Be7 9. Nxe5 O-O 10. Qf3 d6 11. Nd3 Bg4 12. Qf4 Bd7 13. Nd5 Nxd5 14. Bxe7 Qxe7
15. O-O-O Nf6 16. h3 Nh5 17. Qf3 g6 18. g4 Nf6 19. Rde1 Qd8 20. g5 Nh5 21. h4
Qa5 22. a3 Be6 23. Nf4 1-0

[Event "AUTO-INT-3705"]
[Site "http://www.queenalice.com/game.php?id=1771203"]
[Date "2021.10.1"]
[Round "1"]
[White "jenyasm"]
[Black "kanibal"]
[Result "1-0"]
[WhiteElo "1695"]
[BlackElo "1461"]

1. e4 e5 2. Nf3 Nc6 3. Bc4 Nf6 4. Ng5 d5 5. exd5 Nxd5 6. d3 Be6 7. Nxe6 fxe6 8.
O-O Be7 9. Bd2 O-O 10. Qg4 g6 11. Nc3 Na5 12. Qxe6+ Kh8 13. Qxe5+ Bf6 14. Qxd5
Nxc4 15. Qxc4 c6 16. Rae1 Qd6 17. Ne4 Qe7 18. Bb4 1-0

[Event "AUTO-INT-3705"]
[Site "http://www.queenalice.com/game.php?id=1771204"]
[Date "2021.10.1"]
[Round "1"]
[White "kanibal"]
[Black "jenyasm"]
[Result "0-1"]
[WhiteElo "1454"]
[BlackElo "1702"]

1. e4 e5 2. Nf3 Nc6 3. Bb5 d6 4. Bxc6+ bxc6 5. O-O Ba6 6. d3 Nf6 7. Nc3 Be7 8.
Be3 c5 9. h3 O-O 10. Nd5 Nxd5 11. Bd2 Rb8 12. b3 Nf6 13. c4 h6 14. Ba5 Bc8 15.
a4 Bd7 16. Nh4 Nh7 17. Nf5 Bxf5 0-1

[Event "AUTO-INT-3705"]
[Site "http://www.queenalice.com/game.php?id=1771217"]
[Date "2021.10.1"]
[Round "1"]
[White "juliobragatecbr"]
[Black "kanibal"]
[Result "1-0"]
[WhiteElo "1881"]
[BlackElo "1448"]

1. e4 e5 2. Nf3 Nc6 3. d4 Nxd4 4. Nxd4 exd4 5. Qxd4 d6 6. Bc4 Nf6 7. O-O Be7 8.
Re1 O-O 9. Nc3 c5 10. Qd3 a6 11. Nd5 Nxd5 12. Bxd5 Qa5 13. Bd2 Qb6 14. Bc3 Bh4
15. Qf3 Be6 16. Bxe6 fxe6 17. Qg4 1-0

[Event "AUTO-INT-3705"]
[Site "http://www.queenalice.com/game.php?id=1771218"]
[Date "2021.10.1"]
[Round "1"]
[White "kanibal"]
[Black "juliobragatecbr"]
[Result "0-1"]
[WhiteElo "1446"]
[BlackElo "1883"]

1. e4 e5 2. Nf3 Nc6 3. Bb5 d6 4. O-O Nf6 5. Bxc6+ bxc6 6. d3 Bg4 7. h3 Bh5 8.
Bg5 Be7 9. Bxf6 Bxf6 10. Nc3 d5 11. exd5 cxd5 12. Nb5 c6 13. Nc3 O-O 14. a4 e4
15. dxe4 Bxc3 16. bxc3 dxe4 17. Qxd8 Raxd8 18. Nd4 c5 0-1

[Event "AUTO-INT-3705"]
[Site "http://www.queenalice.com/game.php?id=1771225"]
[Date "2021.10.1"]
[Round "1"]
[White "altair"]
[Black "kanibal"]
[Result "1-0"]
[WhiteElo "1595"]
[BlackElo "1444"]

1. e4 e5 2. Nf3 Nf6 3. d3 Nc6 4. a3 Bc5 5. c3 O-O 6. h3 d5 7. exd5 Ne7 8. c4 c6
9. dxc6 Nxc6 10. Be2 Qa5+ 11. Bd2 Qc7 12. O-O Nh5 13. Bc3 f6 14. Nh4 g6 15. Bxh5
gxh5 16. Qxh5 Nd4 17. Nd2 Nc2 18. Rac1 Nd4 19. Bxd4 Bxd4 20. b4 a5 21. Rfe1 Be6
22. Ndf3 Bf7 23. Qg4+ Kh8 24. Nf5 Rg8 25. Qh4 Qc6 26. Ne7 Qe8 27. Nxg8 Qxg8 28.
Qxf6+ Qg7 29. Qxg7+ 1-0

[Event "AUTO-INT-3705"]
[Site "http://www.queenalice.com/game.php?id=1771226"]
[Date "2021.10.1"]
[Round "1"]
[White "kanibal"]
[Black "altair"]
[Result "0-1"]
[WhiteElo "1434"]
[BlackElo "1605"]

1. e4 e5 2. Nf3 d6 3. Bc4 h6 4. O-O Nf6 5. d3 a5 6. a4 b6 7. Bb5+ Bd7 8. Nc3
Bxb5 9. Nxb5 Be7 10. b3 O-O 11. c4 c6 12. Nc3 d5 13. cxd5 cxd5 14. Nxd5 Nxd5 15.
exd5 Qxd5 16. Bb2 Nc6 17. Qc2 Nb4 18. Qc7 Bd6 19. Qxb6 Nxd3 20. Bc3 Rfb8 21. Qe3
e4 22. Nh4 Rxb3 23. Bd2 Qe5 24. f4 Qd5 25. Qg3 Nxf4 26. Bxf4 Rxg3 27. Bxg3 Bxg3
28. hxg3 Qe5 29. Kh2 e3 0-1